| 000 | 00465nam a2200193Ia 4500 | ||
|---|---|---|---|
| 005 | 20240823061336.0 | ||
| 008 | 240823s9999||||xx |||||||||||||| ||und|| | ||
| 041 | _aENGLISH | ||
| 082 | _A004.36 Q8 | ||
| 100 | _aKalavathi B | ||
| 245 | 0 | _aGrid and Cloud Computing | |
| 250 | _a1st | ||
| 260 |
_c2018 _bARS Publica |
||
| 500 | _aTRANSFERED | ||
| 650 |
_aGrid Computing _bComputer Applications |
||
| 700 | _aKrishna Sankar P | ||
| 942 | _cBK | ||
| 999 |
_c233295 _d233295 |
||